000
00314nam a22001457a 4500
003
SGT
020
_a
9781402343479
082
_a
B14S
_b
613.7046
100
_a
SINGH, DIPALI ED.
245
_a
B.K.S.IYENGAR YOGA
250
_a
2ND
260
_b
PENGUINRANDOM HOUSE LONDON
_c
2014
300
_a
432
942
_2
ddc
_c
BK
999
_c
19794
_d
19794